| 000 | 00852nam a2200241 i 4500 | ||
|---|---|---|---|
| 001 | bg | ||
| 100 | 1 | _aBOUNUSIAK, Andrzej | |
| 245 | 0 | 0 |
_aLwów w latach 1918-1939 : _bludność - przestrzeń - samorząd / _cAndrzej Bonusiak. |
| 260 |
_aRzeszów : _bWydaw. Wyższej Szkoły Pedagogicznej, _c2000. |
||
| 300 |
_a302, [2] s., [2] k. tabl.złoż. : _bmapy, pl. ; _c24 cm. |
||
| 490 | 1 |
_aGalicja i Jej Dziedzictwo ; _vt. 13 |
|
| 650 | 9 |
_aLwów (Ukraina) _xludność _y1918-1939 r. |
|
| 650 | 9 |
_aUrbanistyka _xhistoria _zPolska _y1918-1939 r. |
|
| 651 | 9 |
_aLwów (Ukraina) _xplanowanie przestrzenne _xhistoria _y1918-1939 r. |
|
| 830 | _aGalicja i Jej Dziedzictwo ; | ||
| 020 | _a8372620016 | ||
| 040 | _cBPK | ||
| 041 | 0 | _apl | |
| 080 | _a94(438).073"1918/1939" | ||
| 920 | _a83-7262-001-6 | ||
| 942 | _cKS | ||
| 008 | s pl f |000 0 pol | ||
| 999 |
_c37612 _d37612 |
||
| 856 |
_uhttp://koha.tu.koszalin.pl/cgi-bin/koha/opac-detail.pl?biblionumber=37612 _yKatalog online BPK |
||